New York Times Op-Ed Quiz Stats

 Plays Quiz Updated Apr 3, 2020

     
Support Sporcle.
Go Orange.
Score 0/14 Timer 03:00
0 Plays Today
Days Columnist % Correct
SaturdayMaureen Dowd
77.3%
Monday - SaturdayPaul Krugman
65.5%
TuesdayThomas L. Friedman
63.1%
Monday, ThursdayDavid Brooks
55.7%
WednesdayNicholas Kristof
45.3%
Thursday, FridayBret Stephens
42.2%
Wednesday, FridayGail Collins
41.2%
Days Columnist % Correct
Tuesday, ThursdayFrank Bruni
38.5%
Friday, MondayMichelle Goldberg
36.5%
Wednesday, SaturdayRoss Douthat
28%
SaturdayCharles M. Blow
23.6%
Sunday - FridayDavid Leonhardt
22.7%
Thursday, FridayRoger Cohen
19.3%
OccasionalAndrew Rosenthal
18.7%

From the Vault

Wars in Chronological Order II

by BillyJoelRulez

History 4m
All those years of memorizing dates in history class might finally pay off!
Remove Ads.
Support Sporcle.
Get the best of Sporcle when you Go Orange. This ad-free experience offers more features, more stats, and more fun while also helping to support Sporcle. Thank you for becoming a member.

Show Comments

Extras

Top Quizzes Today


Score Distribution

Your Account Isn't Verified!

In order to create a playlist on Sporcle, you need to verify the email address you used during registration. Go to your Sporcle Settings to finish the process.

Report this User

Report this user for behavior that violates our Community Guidelines.

Details: